| 000 | 00993nam a2200265Ia 4500 | ||
|---|---|---|---|
| 003 | OSt | ||
| 005 | 20221005105735.0 | ||
| 006 | a|||||r|||| 00| 0 | ||
| 007 | ta | ||
| 008 | 221004b |||||||| |||| 00| 0 hin d | ||
| 020 |
_a9789381632901 (hbk) _cINR 500.00 |
||
| 024 | _a34680 | ||
| 037 |
_b125, 12/09/2017, Eastern Book Linkers _cTextual |
||
| 040 |
_aCRL _cCRL _bhin |
||
| 041 |
_2hin _ahin |
||
| 082 | _aQ:g, 152Q3 | ||
| 100 | _aशर्मा, करूणा, ले. | ||
| 245 | 0 | _aधर्म-मीमांसाः एक दार्शनिक विवेचन | |
| 246 | _aDharma-mīmāansāah ek dārshanik vivechana | ||
| 260 |
_aनई दिल्ली _bसत्यम् पब्लिशिंग हाउस भारत _c2013 |
||
| 300 |
_a166पृ0 _ccm. |
||
| 650 | _aधर्म | ||
| 942 |
_hQ:g, 152Q3 _cTEXL _2cc |
||
| 999 |
_c1016765 _d1016765 |
||